[Event "European Youth Chess Championship G16"]
[Site "Prague, Top Hotel Prague"]
[Date "2016.08.25"]
[Round "7.27"]
[White "Limanovska, Elizabete"]
[Black "Tomic, Jelena"]
[Result "1-0"]
[WhiteElo "1924"]
[BlackElo "1631"]
[PlyCount "89"]
[EventDate "2016.08.18"]

1. e4 d5 2. exd5 Qxd5 3. Nc3 Qa5 4. d4 Nf6 5. Nf3 c6 6. Bc4 Bf5 7. Bd2 Nbd7 8.
Qe2 e6 9. d5 cxd5 10. Nxd5 Qd8 11. Nxf6+ Qxf6 12. Bc3 Qg6 13. O-O-O Be4 14.
Rxd7 Bc6 15. Rdd1 Qxg2 16. Ne5 Qg5+ 17. Bd2 Qf6 18. Nxc6 bxc6 19. Bc3 Qf4+ 20.
Qd2 Qxd2+ 21. Rxd2 Rd8 22. Rg1 Rxd2 23. Kxd2 Rg8 24. Bd4 c5 25. Be3 Bd6 26. h3
Ke7 27. Ke2 g6 28. f4 Re8 29. Kf3 Kf6 30. Rd1 Ke7 31. Bf2 Rc8 32. Bh4+ Kd7 33.
f5 Kc7 34. fxe6 fxe6 35. Bxe6 Rf8+ 36. Kg2 h6 37. Bg3 Bxg3 38. Kxg3 Rf6 39. Bg4
Kb6 40. Rd7 a6 41. Bf3 c4 42. c3 g5 43. Be2 Kb5 44. Rd4 Rc6 45. a4+ 1-0

[Event "European Youth Chess Championship G16"]
[Site "Prague, Top Hotel Prague"]
[Date "2016.08.25"]
[Round "7.28"]
[White "Greibrokk, Ingrid"]
[Black "Buchta, Agnieszka"]
[Result "1-0"]
[WhiteElo "1912"]
[BlackElo "1599"]
[PlyCount "67"]
[EventDate "2016.08.18"]

1. e4 c5 2. Nf3 e6 3. d4 cxd4 4. Nxd4 Nf6 5. Nc3 Bb4 6. Bd3 Nc6 7. Nb3 d5 8.
exd5 Nxd5 9. Bd2 Nxc3 10. bxc3 Be7 11. O-O O-O 12. f4 Bf6 13. Rf3 g6 14. Rh3 b6
15. Qg4 Ne7 16. Rf1 Bb7 17. Kh1 Nf5 18. Bxf5 exf5 19. Qg3 Re8 20. Qf2 Qd5 21.
Rd3 Qe6 22. Re1 Be4 $11 23. Rh3 Qd5 24. Rhe3 Rac8 25. Kg1 Red8 26. g4 Bxc2 27.
g5 Bg7 28. Nd4 Bxd4 29. cxd4 Qxd4 30. Re8+ Kg7 31. Qxd4+ Rxd4 32. Rxc8 Rxd2 33.
Ree8 f6 34. Re7# 1-0

[Event "European Youth Chess Championship G16"]
[Site "Prague, Top Hotel Prague"]
[Date "2016.08.25"]
[Round "7.29"]
[White "Nemcova, Kamila"]
[Black "Olde, Margareth"]
[Result "0-1"]
[WhiteElo "1774"]
[BlackElo "2059"]
[PlyCount "98"]
[EventDate "2016.08.18"]

1. e4 c5 2. Nf3 Nc6 3. d4 cxd4 4. Nxd4 e6 5. Nb5 d6 6. c4 Nf6 7. N1c3 a6 8. Na3
Be7 9. Be2 O-O 10. O-O Bd7 11. Be3 Rb8 12. Nc2 Qc7 13. b3 b6 14. Rc1 Rfd8 15.
Qd2 Ne5 16. f3 Qb7 17. Nd4 Ng6 18. Rfd1 Be8 19. Qb2 Rbc8 20. Kh1 h6 21. Bf1 Bf8
22. Qf2 Ne7 23. Nde2 Rb8 24. Bf4 Ng6 25. Be3 Nd7 26. Nf4 Nde5 27. Nd3 Nxd3 28.
Bxd3 Ne5 29. Be2 b5 30. f4 Ng6 31. f5 exf5 32. exf5 Ne5 33. cxb5 axb5 34. Qg3
Kh8 35. Bf4 Bc6 36. Bh5 Re8 37. Rd2 Rbc8 38. Rcd1 Bd7 39. Bxe5 Rxe5 40. Bxf7
Rxf5 41. Bd5 Qc7 42. Ne4 Re8 43. h3 Be7 44. Qg6 Ref8 45. Be6 Rf1+ 46. Rxf1
Rxf1+ 47. Kh2 d5+ 48. Qg3 Qb6 49. Qe5 Bxe6 0-1

[Event "European Youth Chess Championship G16"]
[Site "Prague, Top Hotel Prague"]
[Date "2016.08.25"]
[Round "7.30"]
[White "Bierska, Adela"]
[Black "Nazarova, Anastasia"]
[Result "0-1"]
[WhiteElo "1722"]
[BlackElo "2006"]
[PlyCount "54"]
[EventDate "2016.08.18"]

1. e4 c5 2. d4 cxd4 3. c3 g6 4. cxd4 d5 5. exd5 Nf6 6. Bc4 Bg7 7. Nf3 O-O 8.
Qb3 Nbd7 9. d6 exd6 10. O-O Nb6 11. Bd3 Be6 12. Qc2 Bd5 13. Ng5 Rc8 14. Nc3 Re8
15. Bf4 h6 16. Nh3 Be6 17. Qd2 Bxh3 18. gxh3 g5 19. Be3 Nc4 20. Bxc4 Rxc4 21.
Kh1 Qc8 22. Rg1 Qxh3 23. Bxg5 Ng4 24. Rg2 Rxd4 25. Qc2 hxg5 26. Nb5 Rde4 27.
Qd2 Re2 0-1

[Event "European Youth Chess Championship G16"]
[Site "Prague, Top Hotel Prague"]
[Date "2016.08.25"]
[Round "7.31"]
[White "Vitova, Anna"]
[Black "Lomandong, Noela-Joyce"]
[Result "1/2-1/2"]
[WhiteElo "1727"]
[BlackElo "1841"]
[PlyCount "101"]
[EventDate "2016.08.18"]

1. e4 g6 2. d4 Bg7 3. Nc3 c6 4. Be3 d5 5. f3 e6 6. Qd2 Nd7 7. O-O-O b6 8. g4
Bb7 9. h4 dxe4 10. Nxe4 Ndf6 11. Nxf6+ Nxf6 12. Bh6 Bxh6 13. Qxh6 Qe7 14. Bc4
O-O-O 15. Qd2 c5 16. Qc3 Qc7 17. Ne2 Nd5 18. Bxd5 Bxd5 19. Qa3 Kb8 20. Kb1 Qb7
21. Rhf1 Bc4 22. Rfe1 e5 23. Qe3 exd4 24. Qf4+ Qc7 25. Qxc7+ Kxc7 26. Nf4 Rhe8
27. b3 Be6 28. Re4 Kc6 29. Rde1 Bd7 30. Nd3 Rxe4 31. Rxe4 Be6 32. f4 Kd6 33.
Nf2 Re8 34. g5 Re7 35. Nd3 Bf5 36. Rxe7 Kxe7 37. Ne5 Ke6 38. Kc1 Be4 39. Kd2 f6
40. Ng4 fxg5 41. fxg5 Kf5 42. Nf6 h5 43. a3 Kf4 44. b4 c4 45. c3 d3 46. b5 Bb7
47. Nd7 Bc8 48. Nb8 Kg4 49. Nc6 Kxh4 50. Nxa7 Be6 51. Nc6 1/2-1/2

[Event "European Youth Chess Championship G16"]
[Site "Prague, Top Hotel Prague"]
[Date "2016.08.25"]
[Round "7.32"]
[White "Giordano, Giulia"]
[Black "Urbanc, Ana"]
[Result "0-1"]
[WhiteElo "1831"]
[BlackElo "1681"]
[PlyCount "66"]
[EventDate "2016.08.18"]

1. d4 d5 2. Nf3 Nf6 3. c4 dxc4 4. e3 e6 5. Bxc4 c5 6. Nc3 cxd4 7. exd4 a6 8.
O-O b5 9. Bb3 Bb7 10. Qe2 Be7 11. Re1 O-O 12. Bxe6 fxe6 13. Qxe6+ Kh8 14. Ne5
Qe8 15. Qxe7 Qxe7 16. Ng6+ hxg6 17. Rxe7 Nbd7 18. Bg5 Rab8 19. Ne2 Rfe8 20. Nf4
Kh7 21. Re3 Rxe3 22. fxe3 Re8 23. Re1 Ne4 24. Nh3 Ndf6 25. Bf4 Rc8 26. Kf1 Rc2
27. Re2 Rc1+ 28. Re1 Rc8 29. Rd1 Rc2 30. Be5 Rxg2 31. Kxg2 Nc3+ 32. Kg3 Nxd1
33. Kf4 Nd5+ 0-1

[Event "European Youth Chess Championship G16"]
[Site "Prague, Top Hotel Prague"]
[Date "2016.08.25"]
[Round "7.33"]
[White "Ahmadova, Irada"]
[Black "Jorge, Rita Maria Osorio"]
[Result "1/2-1/2"]
[WhiteElo "1627"]
[BlackElo "1794"]
[PlyCount "116"]
[EventDate "2016.08.18"]

1. e4 c5 2. Nf3 d6 3. d4 cxd4 4. Nxd4 Nf6 5. Nc3 g6 6. f3 Bg7 7. Be3 Nc6 8. Qd2
O-O 9. O-O-O d5 10. exd5 Nxd5 11. Nxc6 bxc6 12. Nxd5 cxd5 13. Qxd5 Qc7 14. Qc5
Qb7 15. Bd4 Bh6+ 16. Kb1 Bf4 17. b3 Be6 18. Bb2 Rfd8 19. Bd3 Rac8 20. Qf2 a5
21. Qh4 Qc7 22. Rhe1 Rd5 23. g3 Bg5 24. Qe4 Rcd8 25. Qe2 a4 26. Bc4 Rd2 27.
Rxd2 Rxd2 28. Qe5 Qxe5 29. Bxe5 Bxc4 30. bxc4 Rd8 31. f4 Bh6 32. c5 f6 33. Bc3
Rb8+ 34. Ka1 Kf7 35. a3 Rc8 36. Bb4 Bg7 37. Kb1 e5 38. Rd1 Rc7 39. Rd6 Bf8 40.
Ra6 Bxc5 41. Bxc5 Rxc5 42. Rxa4 Ke6 43. fxe5 fxe5 44. Rb4 Rc7 45. a4 Kd5 46.
Kc1 Rf7 47. Rb5+ Kd4 48. Rb4+ Kc3 49. Rb3+ Kd4 50. Rd3+ Kc4 51. Re3 Kd4 52. Kd2
Rf2+ 53. Re2 Rf3 54. c3+ Kd5 55. a5 Rf1 56. Re1 Rf2+ 57. Re2 Rf1 58. Re1 Rf2+
1/2-1/2

[Event "European Youth Chess Championship G16"]
[Site "Prague, Top Hotel Prague"]
[Date "2016.08.25"]
[Round "7.34"]
[White "Ambrozova, Lucie"]
[Black "Espinosa, Cancino Monica"]
[Result "1-0"]
[WhiteElo "1862"]
[BlackElo "1682"]
[PlyCount "133"]
[EventDate "2016.08.18"]

1. e4 c5 2. Nf3 d6 3. d4 cxd4 4. Nxd4 Nf6 5. Nc3 g6 6. Be3 Bg7 7. f3 O-O 8. Qd2
Nc6 9. Bc4 Nxd4 10. Bxd4 Be6 11. Bxe6 fxe6 12. e5 Ne8 13. exd6 exd6 14. Bxg7
Nxg7 15. O-O-O d5 16. Ne2 Rc8 17. Nd4 Qd6 18. Rde1 Rfe8 19. f4 Qa6 20. Kb1 b5
21. Qd3 Qb6 22. c3 Rc4 23. b3 Rc5 24. Rhf1 Rec8 25. Rc1 a5 26. g4 b4 27. cxb4
axb4 28. Rxc5 Rxc5 29. Qd2 Qa6 30. Rc1 Rxc1+ 31. Kxc1 Qf1+ 32. Kb2 Qh3 33. Qxb4
Qxh2+ 34. Nc2 Qh4 $11 35. g5 Nf5 36. Qb8+ Kf7 37. Qe5 Ng7 38. Qf6+ Kg8 39. a4
Qf2 40. a5 Qa7 41. Qd8+ Kf7 42. Qb6 Qd7 43. a6 Ne8 44. Qb7 Ke7 45. Nd4 Nc7 46.
Nc6+ Kd6 47. Nd4 Ke7 48. a7 Ke8 49. a8=Q+ Nxa8 50. Qxa8+ Ke7 51. Qc6 Qxc6 52.
Nxc6+ Kf7 53. Ne5+ Kg7 54. b4 Kf8 55. Nd7+ Ke7 56. Nf6 Kd6 57. Nxh7 d4 58. Nf8
Kd5 59. Nxg6 Ke4 60. Kc2 Ke3 61. Kd1 d3 62. b5 d2 63. b6 Kd3 64. b7 e5 65. fxe5
Ke3 66. b8=Q Kf2 67. Qb3 1-0

[Event "European Youth Chess Championship G16"]
[Site "Prague, Top Hotel Prague"]
[Date "2016.08.25"]
[Round "7.35"]
[White "Manova, Ivana"]
[Black "Markocic, Spela"]
[Result "1/2-1/2"]
[WhiteElo "1792"]
[BlackElo "1680"]
[PlyCount "124"]
[EventDate "2016.08.18"]

1. e4 c5 2. Nf3 Nc6 3. Bb5 g6 4. O-O Bg7 5. Re1 Nf6 6. a4 O-O 7. Nc3 d6 8. h3
Nd4 9. Bc4 Nd7 10. Nb5 Nxf3+ 11. Qxf3 Ne5 12. Qe2 Nxc4 13. Qxc4 Be6 14. Qe2 Re8
15. d3 Qd7 16. c4 a6 17. Nc3 Rab8 18. Bf4 b6 19. e5 dxe5 20. Bh2 f6 21. f4 Bf5
22. fxe5 Bxd3 23. Qe3 fxe5 24. Rad1 Rbd8 25. Nd5 e4 26. Kh1 Qb7 27. Nc7 Bd4 28.
Qh6 Bg7 29. Qe3 Rf8 30. Ne6 Bxb2 31. Nxd8 Rxd8 32. Bf4 Bd4 33. Qg3 Bxc4 34. Be5
Bd3 35. Bc7 Rf8 36. Bf4 Bc2 37. Rc1 Bxa4 38. Be3 e5 39. Rf1 Qe7 40. Bg5 Qe8 41.
Bh6 Rf7 42. Qg4 e3 43. Rxf7 Qxf7 44. Qc8+ Be8 45. Qxa6 b5 46. Re1 e2 47. Rxe2
Qf1+ 48. Kh2 Bg1+ 49. Kg3 Qf7 50. Qa3 b4 51. Qc1 Bd4 52. Be3 Bb5 53. Rf2 Qe7
54. Qd2 b3 55. Kh2 Bxe3 56. Qxe3 c4 57. Qb6 Be8 58. Qa6 Bf7 59. Qc6 Qb4 60. Qf6
Qb7 61. Qd8+ Kg7 62. Qf6+ Kg8 1/2-1/2

[Event "European Youth Chess Championship G16"]
[Site "Prague, Top Hotel Prague"]
[Date "2016.08.25"]
[Round "7.36"]
[White "Tumova, Anna"]
[Black "Garcia, Megan Alyssa"]
[Result "1-0"]
[WhiteElo "1787"]
[BlackElo "1592"]
[PlyCount "89"]
[EventDate "2016.08.18"]

1. e4 d5 2. exd5 Nf6 3. d4 Bg4 4. Be2 Bxe2 5. Qxe2 Qxd5 6. Nf3 Nc6 7. c3 e6 8.
Bf4 Bd6 9. Bxd6 cxd6 10. Nbd2 O-O 11. O-O Rac8 12. b3 Rc7 13. Rfe1 Rfc8 14. c4
Qf5 15. Nf1 h6 16. Ng3 Qg6 17. Qd2 a5 18. a3 b6 19. Rac1 Na7 20. h3 Nc6 21. Rc2
Ne7 22. Qe2 Nf5 23. Ne4 Nxe4 24. Qxe4 Ne7 25. Qe2 Qf6 26. Rec1 Nf5 27. Qd2 Nh4
28. Nxh4 Qxh4 29. d5 e5 30. Qe3 Rb7 31. b4 a4 32. Rc3 Qf6 33. c5 bxc5 34. bxc5
dxc5 35. Rxc5 Rxc5 36. Qxc5 Qb6 37. Qc8+ Kh7 38. Qf5+ Qg6 39. Qxe5 Rb3 40. Rc3
f6 41. Qe3 Qb1+ 42. Kh2 Qd1 43. Qe4+ Kg8 44. Rc8+ Kf7 45. Qe8# 1-0

[Event "European Youth Chess Championship G16"]
[Site "Prague, Top Hotel Prague"]
[Date "2016.08.25"]
[Round "7.37"]
[White "Mutlu, Beste"]
[Black "Daliga, Anita"]
[Result "1/2-1/2"]
[WhiteElo "1759"]
[BlackElo "1638"]
[PlyCount "105"]
[EventDate "2016.08.18"]

1. e4 e5 2. Nf3 Nc6 3. Bc4 Bc5 4. d3 Nf6 5. c3 d6 6. Bb3 Bb6 7. Nbd2 a6 8. h3
Be6 9. Nf1 Ne7 10. Ng3 Ng6 11. Ng5 Bxb3 12. axb3 h6 13. Nf3 O-O 14. Nf5 d5 15.
Qe2 Re8 16. O-O c6 17. Re1 dxe4 18. dxe4 Qc7 19. Nh2 Ne7 20. Ng3 Qd7 21. Nf3
Qe6 22. b4 Ng6 23. Qc2 Rad8 24. Nf5 Ne7 25. N3h4 Nh7 26. Qe2 Nxf5 27. Nxf5 Nf8
28. Qg4 Qg6 29. Qf3 Rd7 30. h4 Kh8 31. h5 Qf6 32. Be3 Bxe3 33. Rxe3 Red8 34.
Qg4 Ne6 35. Ree1 Qg5 36. Qxg5 Nxg5 37. f3 Rd2 38. Rab1 Ne6 39. Ne3 Nf4 40. g4
Nh3+ 41. Kh1 Ng5 42. Rf1 Re2 43. Rbd1 Rxd1 44. Nxd1 f6 45. Kg1 Rd2 46. b3 Kg8
47. Ne3 Rd3 48. Kf2 Nh3+ 49. Ke2 Nf4+ 50. Kf2 Rxc3 51. Rb1 Kf7 52. Nf5 Rd3 53.
Rb2 1/2-1/2

[Event "European Youth Chess Championship G16"]
[Site "Prague, Top Hotel Prague"]
[Date "2016.08.25"]
[Round "7.38"]
[White "Ciocan, Maria-Alexandra"]
[Black "Nepomnyaschaya, Mariya"]
[Result "1-0"]
[WhiteElo "1742"]
[BlackElo "1569"]
[PlyCount "59"]
[EventDate "2016.08.18"]

1. e4 c5 2. Nc3 Nc6 3. Bb5 Nd4 4. Bc4 g6 5. Nge2 Bg7 6. Nxd4 cxd4 7. Qf3 e6 8.
Nb5 d6 9. Qa3 Be5 10. O-O d5 11. exd5 exd5 12. Re1 Be6 13. Rxe5 dxc4 14. Nd6+
Kf8 15. Nxc4+ Kg7 16. d3 Nf6 17. Bg5 Qc7 18. Bxf6+ Kxf6 19. Rae1 Rhd8 20. b3 a6
21. R5e2 b5 22. Ne5 Re8 23. Qc1 Kg7 24. Qf4 Qc5 25. Ng4 Qf5 26. Qxd4+ Kf8 27.
Nf6 Red8 28. Qh4 h5 29. Re5 g5 30. Qb4+ 1-0

[Event "European Youth Chess Championship G16"]
[Site "Prague, Top Hotel Prague"]
[Date "2016.08.25"]
[Round "7.39"]
[White "Kopcova, Ludmila"]
[Black "Zach, Asif"]
[Result "1-0"]
[WhiteElo "1738"]
[BlackElo "1569"]
[PlyCount "65"]
[EventDate "2016.08.18"]

1. d4 Nf6 2. c4 c5 3. d5 b5 4. b3 g6 5. Bb2 Bg7 6. Qc2 d6 7. e4 b4 8. Nd2 O-O
9. Bd3 Nbd7 10. Ngf3 Qc7 11. O-O a5 12. a4 Bb7 13. h3 Rae8 14. Rae1 e6 15. dxe6
fxe6 16. e5 dxe5 17. Nxe5 Nh5 18. Nxd7 Qxd7 19. Bxg7 Kxg7 20. Be4 Nf4 21. Nf3
Nxh3+ 22. gxh3 Rxf3 23. Bxf3 Bxf3 24. Re3 Qf7 25. Qd3 Rf8 26. Qd6 Re8 27. Rfe1
Ba8 28. Qxc5 Rf8 29. Qe5+ Kh6 30. Qg3 Qb7 31. f3 Qb6 32. Qh4+ Kg7 33. Qe7+ 1-0

[Event "European Youth Chess Championship G16"]
[Site "Prague, Top Hotel Prague"]
[Date "2016.08.25"]
[Round "7.40"]
[White "Markova, Ralitca"]
[Black "Blond Hanten, Elsa"]
[Result "1-0"]
[WhiteElo "1581"]
[BlackElo "1731"]
[PlyCount "99"]
[EventDate "2016.08.18"]

1. e4 e5 2. Nf3 Nc6 3. Bb5 Bc5 4. d3 Qf6 5. c3 Nge7 6. Nbd2 a6 7. Ba4 d6 8. a3
Ng6 9. g3 h5 10. Nf1 h4 11. Bg5 Qe6 12. Bb3 Qd7 13. Bxh4 Nxh4 14. Nxh4 Qe7 15.
Qf3 Bd7 16. Ne3 O-O-O 17. Qxf7 Qxf7 18. Bxf7 Bxe3 19. fxe3 g5 20. Nf5 Rdf8 21.
Bd5 Bxf5 22. exf5 Ne7 23. Be6+ Kd8 24. e4 Rf6 25. Kf2 Ng6 26. Kg2 Nf8 27. Bb3
Nd7 28. h4 gxh4 29. Rxh4 Rxh4 30. gxh4 Rh6 31. Kh3 Nf6 32. Rg1 Nh5 33. Rg8+ Ke7
34. d4 Nf4+ 35. Kg4 Nh5 36. Kg5 Rh7 37. Kg6 Nf6 38. Rg7+ Rxg7+ 39. Kxg7 exd4
40. cxd4 Nh5+ 41. Kg6 Nf4+ 42. Kg5 Nh3+ 43. Kg4 Nf2+ 44. Kf3 Nh3 45. e5 Ng1+
46. Ke4 Nh3 47. f6+ Kf8 48. e6 c6 49. Kf5 d5 50. h5 1-0

[Event "European Youth Chess Championship G16"]
[Site "Prague, Top Hotel Prague"]
[Date "2016.08.25"]
[Round "7.41"]
[White "Vavrinkova, Eliska"]
[Black "Novotna, Tereza"]
[Result "1-0"]
[WhiteElo "1716"]
[BlackElo "1566"]
[PlyCount "71"]
[EventDate "2016.08.18"]

1. d4 d5 2. Nf3 Nf6 3. c4 e6 4. cxd5 exd5 5. Nc3 c6 6. Bg5 Bf5 7. e3 Be7 8. Bd3
Bxd3 9. Qxd3 O-O 10. O-O Ne4 11. Bxe7 Qxe7 12. Ne5 Nd6 13. b4 f6 14. Nf3 a6 15.
a4 Nd7 16. b5 axb5 17. axb5 Nb6 18. bxc6 bxc6 19. Nd2 f5 20. Rfc1 Qf6 21. Ra6
Ndc4 22. Rca1 Nxd2 23. Qxd2 Rxa6 24. Rxa6 Rb8 25. g3 Qd6 26. Qd3 g6 27. Ne2 Nc4
28. Nf4 Rb2 29. Qd1 Rb8 30. Qa4 Rb1+ 31. Kg2 Qb4 32. Qxc6 Re1 33. Qe8+ Kg7 34.
Qe7+ Kh6 35. Qh4+ Kg7 36. Ra7+ 1-0

[Event "European Youth Chess Championship G16"]
[Site "Prague, Top Hotel Prague"]
[Date "2016.08.25"]
[Round "7.42"]
[White "Tomcikova, Zuzana"]
[Black "Waardenburg, Feline"]
[Result "1/2-1/2"]
[WhiteElo "1654"]
[BlackElo "1559"]
[PlyCount "46"]
[EventDate "2016.08.18"]

1. e4 c5 2. Nc3 Nc6 3. Bb5 g6 4. Bxc6 dxc6 5. f4 Bg7 6. d3 c4 7. Nf3 cxd3 8.
cxd3 Nf6 9. O-O O-O 10. d4 Ne8 11. e5 Nc7 12. Be3 Nd5 13. Nxd5 Qxd5 14. Nh4 Qe4
15. Qf3 Qxf3 16. Nxf3 Be6 17. b3 Bd5 18. Nd2 Rfd8 19. Rac1 Rac8 20. Nb1 Bf8 21.
f5 Rd7 22. Nc3 Rdc7 23. g4 e6 $11 1/2-1/2

[Event "European Youth Chess Championship G16"]
[Site "Prague, Top Hotel Prague"]
[Date "2016.08.25"]
[Round "7.43"]
[White "Koljevic, Nikolina"]
[Black "Pellicoro, Nathalie"]
[Result "0-1"]
[WhiteElo "1509"]
[BlackElo "1832"]
[PlyCount "112"]
[EventDate "2016.08.18"]

1. e4 e5 2. Nf3 Nc6 3. d4 exd4 4. Nxd4 Bc5 5. Be3 Qf6 6. c3 Nge7 7. Bc4 Ne5 8.
Bb3 d6 9. O-O O-O 10. Nd2 Ng4 11. Nc4 Nxe3 12. Nxe3 Qe5 13. Re1 Ng6 14. Nef5
Be6 15. g3 Bxb3 16. axb3 Qe8 17. Qg4 Kh8 18. h4 Rg8 19. f4 Ne7 20. Kg2 Qc8 21.
Qg5 Nxf5 22. Nxf5 f6 23. Qg4 g6 24. Ne3 Bxe3 25. Qxc8 Raxc8 26. Rxe3 a6 27. Ra4
$11 Rce8 28. Rd4 Re6 29. Rd2 Rge8 30. Rde2 Kg7 31. Kf3 f5 32. e5 dxe5 33. Rxe5
Kf7 34. Rxe6 Rxe6 35. Rxe6 Kxe6 36. Ke3 Kd5 37. Kd3 a5 38. b4 axb4 39. cxb4 b5
40. b3 h6 41. Ke3 $11 c5 42. bxc5 Kxc5 43. Kd3 Kb4 44. Kc2 Ka3 45. h5 gxh5 46.
Kc3 b4+ 47. Kc4 h4 48. gxh4 h5 49. Kd5 Kxb3 50. Ke5 Kc3 51. Kxf5 b3 52. Kg5 b2
53. Kxh5 b1=Q 54. Kg5 Kd4 55. h5 Qh7 56. h6 Ke4 0-1

[Event "European Youth Chess Championship G16"]
[Site "Prague, Top Hotel Prague"]
[Date "2016.08.25"]
[Round "7.44"]
[White "Litvjakova, Darija"]
[Black "Smith, Sarah E"]
[Result "1-0"]
[WhiteElo "1597"]
[BlackElo "1478"]
[PlyCount "98"]
[EventDate "2016.08.18"]

1. e4 g6 2. d4 Bg7 3. Nf3 c6 4. Nc3 d5 5. exd5 cxd5 6. Bb5+ Bd7 7. Bxd7+ Qxd7
8. Bf4 a6 9. Qd2 Nc6 10. h3 e6 11. O-O Nge7 12. Rfe1 Nf5 13. Be3 O-O 14. Ne2
Rfc8 15. Bf4 Qd8 16. c3 b5 17. Rac1 Qb6 18. Ng3 Nxg3 19. Bxg3 b4 20. Red1 a5
21. c4 dxc4 22. Rxc4 Ne7 23. Rxc8+ Rxc8 24. Be5 Rd8 25. Qf4 Bxe5 26. Nxe5 Nf5
27. Nf3 Qd6 28. Qxd6 Rxd6 29. Rd2 f6 30. Kf1 Kf7 31. Ke2 Ke7 32. g4 Ng7 33. Rc2
f5 34. Rc5 fxg4 35. hxg4 Rd5 36. Ke3 h5 37. gxh5 gxh5 38. Rxd5 exd5 39. Kf4 Kd6
40. Kg5 Kc6 41. Kg6 Ne6 42. Kxh5 Nf4+ 43. Kg5 Nd3 44. Ne5+ Nxe5 45. dxe5 Kd7
46. Kf5 a4 47. e6+ Ke7 48. Ke5 b3 49. axb3 axb3 1-0

[Event "European Youth Chess Championship G16"]
[Site "Prague, Top Hotel Prague"]
[Date "2016.08.25"]
[Round "7.45"]
[White "Karatiken, Seray"]
[Black "Manitcaia, Alina"]
[Result "1-0"]
[WhiteElo "1489"]
[BlackElo "1496"]
[PlyCount "95"]
[EventDate "2016.08.18"]

1. e4 c5 2. Nf3 d6 3. d4 cxd4 4. Nxd4 Nf6 5. Nc3 g6 6. Be3 Bg7 7. f3 a6 8. a4
Bd7 9. Qd2 Qa5 10. Nb3 Qb4 11. Qd4 Nc6 12. Qxb4 Nxb4 13. Bd3 O-O 14. Kd2 Nxd3
15. cxd3 Rfc8 16. a5 Be6 17. Nd4 Bd7 18. Nde2 Bc6 19. Na4 Bxa4 20. Rxa4 Nd7 21.
Rb4 Rc7 22. Rc1 Rac8 23. Rxc7 Rxc7 24. Nc3 e6 25. d4 Nb8 26. d5 Nd7 27. Na4 e5
28. Kd3 Kf8 29. Nb6 Nc5+ 30. Bxc5 dxc5 31. Rc4 Ke7 32. Na4 Kd6 33. Rc3 f5 34.
Nb6 Bf6 35. Nc4+ Kd7 36. Rb3 Kc8 37. Rb6 Bd8 38. Re6 Re7 39. Rxe7 Bxe7 40. Nxe5
Bd6 41. f4 g5 42. exf5 gxf4 43. Ke4 Bc7 44. Kxf4 Bxa5 45. f6 Bc7 46. f7 Bd6 47.
Kf5 Bf8 48. Ke6 1-0

[Event "European Youth Chess Championship G16"]
[Site "Prague, Top Hotel Prague"]
[Date "2016.08.26"]
[Round "8.1"]
[White "Garcia, Martin Marta"]
[Black "Dimitrova, Aleksandra"]
[Result "1-0"]
[WhiteElo "2229"]
[BlackElo "2259"]
[PlyCount "59"]
[EventDate "2016.08.18"]

1. e4 c5 2. Nf3 Nc6 3. Bb5 Nf6 4. Bxc6 dxc6 5. d3 Bg4 6. h3 Bxf3 7. Qxf3 g6 8.
Qe2 Nd7 9. e5 Bg7 10. e6 fxe6 11. Qxe6 Nb6 12. O-O Nd5 13. Re1 Qd7 14. Qxd7+
Kxd7 15. a3 Rhf8 16. Nd2 b6 17. Nf3 Rf5 18. Rb1 h6 19. Bd2 Raf8 20. Re4 g5 21.
Rbe1 Bxb2 22. c4 Nc7 23. Rxe7+ Kd8 24. Rh7 Rh8 25. Ree7 Rxh7 26. Rxh7 Bxa3 27.
Rxh6 b5 28. Ba5 Rf7 29. Rh8+ Kd7 30. Ne5+ 1-0

[Event "European Youth Chess Championship G16"]
[Site "Prague, Top Hotel Prague"]
[Date "2016.08.26"]
[Round "8.2"]
[White "Obolentseva, Alexandra"]
[Black "Sieber, Fiona"]
[Result "0-1"]
[WhiteElo "2339"]
[BlackElo "2173"]
[PlyCount "58"]
[EventDate "2016.08.18"]

1. d4 Nf6 2. c4 g6 3. Nc3 d5 4. Nf3 Bg7 5. Qb3 dxc4 6. Qxc4 O-O 7. e4 a6 8. Qb3
b5 9. e5 Nfd7 10. Be2 c5 11. e6 fxe6 12. Qxe6+ Kh8 13. Qe4 cxd4 14. Nxb5 d3 15.
Qxa8 dxe2 16. Nbd4 Ne5 17. Qxb8 Nxf3+ 18. gxf3 Bxd4 19. Be3 Bg7 20. Qb4 Qd5 21.
Rg1 Qxf3 22. Qc4 Bxb2 23. Rb1 Rd8 24. Bd2 Bd4 25. Qxe2 Bxf2+ 26. Kd1 Qf5 27.
Rb3 Bxg1 28. Qxe7 Qf1+ 29. Kc2 Bf5+ 0-1

[Event "European Youth Chess Championship G16"]
[Site "Prague, Top Hotel Prague"]
[Date "2016.08.26"]
[Round "8.3"]
[White "Avramidou, Anastasia"]
[Black "Radeva, Viktoria"]
[Result "1-0"]
[WhiteElo "2244"]
[BlackElo "2080"]
[PlyCount "123"]
[EventDate "2016.08.18"]

1. e4 c6 2. d4 d5 3. Nc3 g6 4. h3 Bg7 5. Nf3 Nf6 6. e5 Ne4 7. Bd3 Nxc3 8. bxc3
c5 9. O-O c4 10. Be2 Nc6 11. Be3 Qa5 12. Qd2 Bf5 13. a4 f6 14. exf6 exf6 15.
Rfb1 O-O-O 16. Rb5 Qa6 17. Nh2 h5 18. Nf1 Be6 19. Qd1 Bf8 20. Bc1 Bd6 21. Bf3
Ne7 22. Ba3 Bd7 23. Bxd6 Qxd6 24. Rb2 Bc6 25. Nd2 Nf5 26. a5 Rhe8 27. a6 b6 28.
Rab1 Qe6 29. g3 Nd6 30. Qf1 f5 31. Rd1 Re7 32. Rb4 h4 33. g4 Kb8 34. Rbb1 Rde8
35. Kh2 Nb5 36. Rxb5 Bxb5 37. Qg2 Qd6+ 38. Kg1 Re1+ 39. Rxe1 Rxe1+ 40. Nf1 Bc6
41. gxf5 gxf5 42. Qg5 Re6 43. Bg2 Rg6 44. Qxf5 Qf6 45. Qh5 Rg5 46. Qe2 Bd7 47.
Kh1 b5 48. Nh2 Qe6 49. Qd2 Rf5 50. Ng4 Qxa6 51. Ne3 Rf8 52. Nxd5 Qd6 53. Ne3
Qf4 54. Kg1 Rg8 55. Kh1 Bf5 56. Qe2 Re8 57. Qh5 Bd7 58. Qd5 Kc7 59. Qb7+ Kd6
60. Qa6+ Bc6 61. Qxc6+ Ke7 62. Nd5+ 1-0

[Event "European Youth Chess Championship G16"]
[Site "Prague, Top Hotel Prague"]
[Date "2016.08.26"]
[Round "8.4"]
[White "Redondo, Benavente Ana"]
[Black "Tishova, Svetlana"]
[Result "0-1"]
[WhiteElo "2088"]
[BlackElo "2012"]
[PlyCount "108"]
[EventDate "2016.08.18"]

1. e4 c5 2. Nf3 d6 3. c3 Nf6 4. Bd3 Bg4 5. Bc2 e6 6. O-O d5 7. d3 Nc6 8. h3 Bh5
9. Bf4 Bd6 10. Bxd6 Qxd6 11. Nbd2 Rd8 12. Qe2 dxe4 13. dxe4 Qf4 14. Qe3 Qxe3
15. fxe3 Bg6 16. Rac1 Ke7 17. a4 Rd7 18. e5 Nxe5 19. Bxg6 Nxg6 20. Nc4 Rhd8 21.
g4 h6 22. Rce1 Kf8 23. e4 b6 24. g5 hxg5 25. Nxg5 Kg8 26. e5 Nh7 27. Ne4 Rd3
28. Kh2 Nh4 29. Re3 Rxe3 30. Nxe3 Rd3 31. Nc4 Nf3+ 32. Kg2 Nhg5 33. Nf2 Nh4+
34. Kh2 Rf3 35. Nd6 Nxh3 36. Nde4 Nxf2 37. Rxf2 Rxf2+ 38. Nxf2 Nf3+ 39. Kg3
Nxe5 40. Ne4 Kf8 41. Nd6 Nc6 42. Kf4 Ke7 43. Nb5 f6 44. b3 Kd7 45. Ke4 a6 46.
Na3 Ne5 47. Nc2 g5 48. Ne3 Kd6 49. Nf1 f5+ 50. Ke3 Kd5 51. Nd2 f4+ 52. Ke2 g4
53. Kf2 b5 54. Kg2 bxa4 0-1

[Event "European Youth Chess Championship G16"]
[Site "Prague, Top Hotel Prague"]
[Date "2016.08.26"]
[Round "8.5"]
[White "Jibuti, Nata"]
[Black "Tsolakidou, Stavroula"]
[Result "0-1"]
[WhiteElo "1761"]
[BlackElo "2363"]
[PlyCount "70"]
[EventDate "2016.08.18"]

1. e4 c5 2. Nf3 d6 3. c3 Nf6 4. Be2 g6 5. O-O Bg7 6. Bb5+ Nc6 7. Re1 O-O 8. d4
Qb6 9. Bxc6 Qxc6 10. e5 dxe5 11. Nxe5 Qd5 12. dxc5 Qxd1 13. Rxd1 Ne4 14. f4
Nxc5 15. Be3 Ne6 16. Na3 f6 17. Nd7 Rd8 18. Nc5 Rxd1+ 19. Rxd1 Kf7 20. Nb5 a6
21. Nxe6 Bxe6 22. Nc7 Bg4 23. Nxa8 Bxd1 24. Kf2 Ke6 25. Nb6 Kf5 26. Nc8 Bf8 27.
Bc5 Kxf4 28. Bxe7 Bxe7 29. Nxe7 Ke4 30. Ke1 Bg4 31. Ng8 Ke5 32. Nh6 Be6 33. g3
f5 34. g4 fxg4 35. Kf2 Kf4 0-1